<?xml version="1.0" encoding="UTF-8"?>
<record
    xmlns:xsi="http://www.w3.org/2001/XMLSchema-instance"
    xsi:schemaLocation="http://www.loc.gov/MARC21/slim http://www.loc.gov/standards/marcxml/schema/MARC21slim.xsd"
    xmlns="http://www.loc.gov/MARC21/slim">

  <leader>00366nam a22001337a 4500</leader>
  <controlfield tag="008">250117b        |||||||| |||| 00| 0 eng d</controlfield>
  <datafield tag="020" ind1=" " ind2=" ">
    <subfield code="a">9781529745009</subfield>
  </datafield>
  <datafield tag="050" ind1=" " ind2=" ">
    <subfield code="a">HF5381</subfield>
    <subfield code="b">.B43</subfield>
  </datafield>
  <datafield tag="100" ind1=" " ind2=" ">
    <subfield code="a">Becker, Felicity</subfield>
  </datafield>
  <datafield tag="245" ind1=" " ind2=" ">
    <subfield code="a">Boost your employability /by</subfield>
    <subfield code="c">Felicity Becker</subfield>
  </datafield>
  <datafield tag="260" ind1=" " ind2=" ">
    <subfield code="a">London</subfield>
    <subfield code="b">Sage Publications Ltd</subfield>
    <subfield code="c">2021</subfield>
  </datafield>
  <datafield tag="300" ind1=" " ind2=" ">
    <subfield code="a">131p.</subfield>
    <subfield code="b">ill.</subfield>
  </datafield>
  <datafield tag="942" ind1=" " ind2=" ">
    <subfield code="2">lcc</subfield>
    <subfield code="c">BK</subfield>
  </datafield>
  <datafield tag="999" ind1=" " ind2=" ">
    <subfield code="c">20559</subfield>
    <subfield code="d">20558</subfield>
  </datafield>
  <datafield tag="952" ind1=" " ind2=" ">
    <subfield code="0">0</subfield>
    <subfield code="1">0</subfield>
    <subfield code="2">lcc</subfield>
    <subfield code="7">0</subfield>
    <subfield code="a">KNCC</subfield>
    <subfield code="b">KNCC</subfield>
    <subfield code="d">2025-01-17</subfield>
    <subfield code="g">1155.00</subfield>
    <subfield code="i">2025/0843</subfield>
    <subfield code="l">0</subfield>
    <subfield code="o">HF5381 .B43 2021 C.1</subfield>
    <subfield code="p">33613</subfield>
    <subfield code="r">2025-01-17 09:11:50</subfield>
    <subfield code="t">C.1</subfield>
    <subfield code="w">2025-01-17</subfield>
    <subfield code="y">BK</subfield>
  </datafield>
  <datafield tag="952" ind1=" " ind2=" ">
    <subfield code="0">0</subfield>
    <subfield code="1">0</subfield>
    <subfield code="2">lcc</subfield>
    <subfield code="7">0</subfield>
    <subfield code="a">KNCC</subfield>
    <subfield code="b">KNCC</subfield>
    <subfield code="d">2025-01-17</subfield>
    <subfield code="g">1155.00</subfield>
    <subfield code="i">2025/0844</subfield>
    <subfield code="l">0</subfield>
    <subfield code="o">HF5381 .B43 2021 C.2</subfield>
    <subfield code="p">33614</subfield>
    <subfield code="r">2025-01-17 09:11:50</subfield>
    <subfield code="t">C.2</subfield>
    <subfield code="w">2025-01-17</subfield>
    <subfield code="y">BK</subfield>
  </datafield>
</record>
